000
00359nam a2200169Ia 4500
008
230605s9999 xx 000 0 und d
041
_a
eng
100
_a
Lilicrap
245
_a
Food And Beverage service
250
_a
7th
260
_b
Hodder Arnold
300
_a
493
365
_b
478
_h
20
500
_a
1577
520
_a
General
650
_a
F. B.
999
_c
418313
_d
418313